Physical geography : a self-teaching guide
Bewaard in:
| Hoofdauteur: | |
|---|---|
| Formaat: | Boek |
| Taal: | Undetermined |
| Gepubliceerd in: |
Hoboken, NJ
Wiley
2003
|
| Onderwerpen: | |
| Tags: |
Voeg label toe
Geen labels, Wees de eerste die dit record labelt!
|
| Thư viện lưu trữ: | Trung tâm Học liệu Trường Đại học Cần Thơ |
|---|
| LEADER | 00550nam a2200205Ia 4500 | ||
|---|---|---|---|
| 001 | CTU_165961 | ||
| 008 | 210402s9999 xx 000 0 und d | ||
| 020 | |c 18.95 | ||
| 082 | |a 910.02 | ||
| 082 | |b C885 | ||
| 100 | |a Craghan, Michael | ||
| 245 | 0 | |a Physical geography : | |
| 245 | 2 | |b a self-teaching guide | |
| 245 | 0 | |c Michael Craghan | |
| 260 | |a Hoboken, NJ | ||
| 260 | |b Wiley | ||
| 260 | |c 2003 | ||
| 650 | |a Physical geography,Vật lý địa cầu | ||
| 910 | |a Nguyên | ||
| 980 | |a Trung tâm Học liệu Trường Đại học Cần Thơ | ||